| 000 | 00628nam a2200205Ia 4500 | ||
|---|---|---|---|
| 003 | GCL | ||
| 008 | 140319s9999 xx 000 0 ara d | ||
| 040 |
_aGCL / _cGCL |
||
| 082 | 0 | 4 |
_a822 _bا س |
| 100 | 1 | _aاوسترباس ميجيل انجل | |
| 245 | 1 | 0 |
_aسولونا الشمس والقمر / _cاوسترباس ميجيل انجل |
| 700 | 1 | _aرفيق الصبان | |
| 260 |
_a[S.N] : _bوزارة الثقافة ، _c1991 |
||
| 300 | _a140 ص | ||
| 490 | _a | ||
| 650 | 0 | 4 | _aالعصر الحديث |
| 650 | 0 | 4 | _aالادب الامريكى |
| 650 | 0 | 4 | _aالمسرحيات الامريكية |
| 942 |
_2ddc _cBK |
||
| 999 |
_c30724 _d30724 |
||